Online
Catalog

Derecho procesal civil / (Record no. 16001)

MARC details
000 -CABECERA
campo de control de longitud fija 00526nam a2200181 a 4500
001 - NÚMERO DE CONTROL
campo de control 000016466
005 - FECHA Y HORA DE LA ÚLTIMA TRANSACCIÓN
campo de control 20200929164922.0
008 - DATOS DE LONGITUD FIJA--INFORMACIÓN GENERAL
campo de control de longitud fija 100305s1997 dr 001 0 spa d
040 ## - FUENTE DE LA CATALOGACIÓN
Centro catalogador/agencia de origen DO-SdBNP
Lengua de catalogación spa
Centro/agencia transcriptor BNPHU
082 ## - NÚMERO DE LA CLASIFICACIÓN DECIMAL DEWEY
Número de documento/Ítem P579d
049 ## - FONDOS LOCALES (OCLC)
Fondos de biblioteca BNPD
100 1# - ENTRADA PRINCIPAL--NOMBRE DE PERSONA
Nombre de persona Piña Martínez, Alfredo
9 (RLIN) 36256
245 10 - MENCIÓN DE TÍTULO
Título Derecho procesal civil /
Mención de responsabilidad, etc. Alfredo Piña Martínez.
260 ## - PUBLICACIÓN, DISTRIBUCIÓN, ETC.
Lugar de publicación, distribución, etc. San Francisco de Macorís :
Nombre del editor, distribuidor, etc. Kalis,
Fecha de publicación, distribución, etc. 1997.
300 ## - DESCRIPCIÓN FÍSICA
Extensión 184 p. ;
Dimensiones 22 cm.
500 ## - NOTA GENERAL
Nota general La biblioteca posee el t. 2
590 ## - NOTA LOCAL (RLIN)
Nota local Registro duplicado.

No items available.

Powered by Koha